In welcher deutschen Stadt bist du? (Schilder) - Statistiken

Allgemein
  • Dieses Quiz wurde 215 mal gespielt
  • Das Durchschnittsergebnis liegt bei 8 aus 15
Antwortstatistiken
Frage Antwort % Korrekt
Skaliertes Bild
Ingolstadt
72%
Skaliertes Bild
Baden-Baden
71%
Skaliertes Bild
Flensburg
62%
Skaliertes Bild
Gießen
59%
Skaliertes Bild
Oldenburg
57%
Skaliertes Bild
Bayreuth
56%
Skaliertes Bild
Salzgitter
55%
Skaliertes Bild
Neubrandenburg
54%
Skaliertes Bild
Chemnitz
48%
Skaliertes Bild
Mönchengladbach
48%
Skaliertes Bild
Tübingen
48%
Skaliertes Bild
Bochum
47%
Skaliertes Bild
Trier
46%
Skaliertes Bild
Erfurt
41%
Skaliertes Bild
Boppard
28%
Keine übereinstimmenden Quizze gefunden
Verteilung der Resultate
Anzahl Personen mit jedem Resultat
Perzentil nach korrekt beantworteten Fragen
Ihre Resultats-Entwicklung
Sie haben dieses Quiz noch nicht gespielt